000 00552nam a2200193Ia 4500
999 _c10870
_d10870
003 OSt
005 20191219150134.0
008 190216s9999||||xx |||||||||||||| ||und||
020 _a9780070599420
040 _coclc
082 _a337
_bCHE/I
100 _aCherunilam, Francis
_9546
245 0 _aInternational Economics /
_cFrancis Cherunilam
250 _a4th ed.
260 _bTata Mcgrawhill Publishing Company,
_aNew Delhi:
_c2006.
300 _a691p
650 _aEconomics
942 _cBK
_2ddc
_h337
_iCHE/I
_k337
_mCHE/I